| 000 | 00880cam a2200205 a 4500 | ||
|---|---|---|---|
| 020 | _a1566766710 | ||
| 082 | 0 | 0 |
_a621.3692024624 _bFIB |
| 245 | 1 | 0 |
_aFiber optic sensors for construction materials and bridges : _bproceedings of the International Workshop on Fiber Optic Sensors for Construction Materials and Bridges, May 3-6, 1998 / _csponsored by the National Science Foundation ; edited by Farhad Ansari. |
| 260 |
_aLancaster, Pa. : _bTechnomic Pub., _cc1998. |
||
| 300 |
_axiv, 267 p. : _bill. ; _c24 cm. |
||
| 526 |
_a0 _b0 _c0 _d621_369202462400000_FIB |
||
| 650 | 0 |
_aBridges _xTesting _921626 |
|
| 650 | 0 |
_aBuilding materials _xTesting |
|
| 650 | 0 |
_aMCE _9379 |
|
| 650 | 0 |
_aOptical fiber detectors _941529 |
|
| 650 | 0 |
_aStrains and stresses _xMeasurement _941530 |
|
| 700 | 1 |
_aAnsari, Farhad. _941531 |
|
| 710 | 2 |
_aNational Science Foundation (U.S.) _919656 |
|
| 942 |
_2ddc _cBK |
||
| 999 |
_c545613 _d545613 |
||